Christians and missionaries in India : (Record no. 1221)

MARC details
000 -LEADER
fixed length control field 01221cam a22003014a 4500
001 - CONTROL NUMBER
control field 12795916
003 - CONTROL NUMBER IDENTIFIER
control field GBCCL
005 - DATE AND TIME OF LATEST TRANSACTION
control field 20241126110356.0
008 - FIXED-LENGTH DATA ELEMENTS--GENERAL INFORMATION
fixed length control field 020530s2003 miu b 001 0 eng
010 ## -
-- 2002074306
020 ## - INTERNATIONAL STANDARD BOOK NUMBER
International Standard Book Number 0802839568 (pbk. : alk. paper)
040 ## - CATALOGING SOURCE
Original cataloging agency DLC
Transcribing agency DLC
Modifying agency DLC
042 ## -
-- pcc
043 ## -
-- a-ii---
050 00 -
-- BV3265.2
-- .C45 2003
082 00 - DEWEY DECIMAL CLASSIFICATION NUMBER
Classification number 266.00954
Edition information 21
Item number CHR
245 00 - TITLE STATEMENT
Title Christians and missionaries in India :
Remainder of title cross-cultural communication since 1500, with special reference to caste, conversion, and colonialism /
Statement of responsibility, etc. edited by Robert Eric Frykenberg ; associate editor, Alaine Low.
260 ## - PUBLICATION, DISTRIBUTION, ETC.
Place of publication, distribution, etc. Grand Rapids, Mich. :
Name of publisher, distributor, etc. W.B. Eerdmans Pub.,
Date of publication, distribution, etc. 2003.
300 ## - PHYSICAL DESCRIPTION
Extent xii, 419 p. ;
Dimensions 24 cm.
440 #0 - SERIES STATEMENT/ADDED ENTRY--TITLE
Title Studies in the history of Christian missions
9 (RLIN) 987
504 ## - BIBLIOGRAPHY, ETC. NOTE
Bibliography, etc. note Includes bibliographical references and index.
650 #0 - SUBJECT ADDED ENTRY--TOPICAL TERM
Topical term or geographic name entry element Missions
Geographic subdivision India
General subdivision History.
9 (RLIN) 2286
700 1# - ADDED ENTRY--PERSONAL NAME
Personal name Frykenberg, Robert Eric.
9 (RLIN) 1043
700 1# - ADDED ENTRY--PERSONAL NAME
Personal name Low, Alaine M.
9 (RLIN) 1044
906 ## - LOCAL DATA ELEMENT F, LDF (RLIN)
a 7
b cbc
c orignew
d 1
e ocip
f 20
g y-gencatlg
942 ## - ADDED ENTRY ELEMENTS (KOHA)
Source of classification or shelving scheme Dewey Decimal Classification
Koha item type Books
Koha issues (borrowed), all copies 8
Holdings
Withdrawn status Lost status Source of classification or shelving scheme Damaged status Not for loan Home library Current Library Shelving location Date acquired Total checkouts Total renewals Full call number Barcode Date last seen Date last checked out Copy number Price effective from Koha item type
    Dewey Decimal Classification     GRACE BIBLE COLLEGE GRACE BIBLE COLLEGE Ministry & Mission 2017-04-21 9 2 266.00954 CHR 006853 2026-03-02 2026-02-19 c.1 2017-04-21 Books
© Grace Bible College Library 2025